000 00704nam a2200289Ia 4500
005 20260324131808.0
008 008 260324s9999 xx 000 0 eng d
020 _a9780203970256
037 _aEBOOK
040 _aCRL
040 _beng
040 _cCRL
041 _2eng
041 _aeng
084 _qCRL
100 _aDany Nobus; Malcolm Quinn
_91186860
245 0 _aKnowing Nothing, Staying Stupid
245 0 _bElements for a Psychoanalytic Epistemology
260 _bTaylor and Francis
260 _c2005
365 _a
365 _b170
856 _uhttp://www.taylorfrancis.com/books/9780203970256
942 _cEBOOK
999 _c1784361
_d1784361